000
00358nam a2200169Ia 4500
100
_a
Sue Atkinson
650
_a
Philosophy
942
_c
BK
366
_f
25
654
_a
self esteem
245
_a
Building Self Esteem
260
_b
Better Yourself Books
_a
Bandra
_c
1993
082
_a
170/SUE
_b
SUE
300
_a
245
546
_a
ENGLISH
999
_c
34967
_d
34967